| 000 -CABECERA |
| campo de control de longitud fija |
01514nam a22002297a 4500 |
| 003 - IDENTIFICADOR DEL NÚMERO DE CONTROL |
| campo de control |
OSt |
| 005 - FECHA Y HORA DE LA ÚLTIMA TRANSACCIÓN |
| campo de control |
20241113151249.0 |
| 008 - DATOS DE LONGITUD FIJA--INFORMACIÓN GENERAL |
| campo de control de longitud fija |
241113b ||||| |||| 00| 0 spa d |
| 020 ## - NÚMERO INTERNACIONAL ESTÁNDAR DEL LIBRO |
| Número Internacional Estándar del Libro |
9788431542191 |
| 040 ## - FUENTE DE LA CATALOGACIÓN |
| Centro/agencia transcriptor |
CO-Mq BPB |
| 041 ## - CÓDIGO DE LENGUA |
| Código de lengua del texto/banda sonora o título independiente |
spa |
| 082 ## - NÚMERO DE LA CLASIFICACIÓN DECIMAL DEWEY |
| Número de clasificación |
636.7 |
| Número de documento/Ítem |
G65p |
| 100 ## - ENTRADA PRINCIPAL--NOMBRE DE PERSONA |
| Nombre de persona |
Gómez Ferran, Anna |
| Término indicativo de función/relación |
autor |
| 245 ## - MENCIÓN DE TÍTULO |
| Título |
Peluquería Canina |
| 264 ## - PRODUCCIÓN, PUBLICACIÓN, DISTRIBUCIÓN, FABRICACIÓN Y COPYRIGHT |
| Producción, publicación, distribución, fabricación y copyright |
Barcelona; |
| Nombre del de productor, editor, distribuidor, fabricante |
Editorial De Vecchi, S.A.U |
| Fecha de producción, publicación, distribución, fabricación o copyright |
2010 |
| 300 ## - DESCRIPCIÓN FÍSICA |
| Extensión |
152 páginas |
| Otras características físicas |
Tapa dura, ilustraciones a color |
| Dimensiones |
25 cm |
| 521 ## - NOTA DE PÚBLICO DESTINATARIO |
| Nota de público destinatario |
En la última década, la peluquería canina ha experimentando en nuestro país un desarrollo espectacular. Lo que hasta hace unos años era un oficio artesano ha ido evolucionando hasta convertirse en una profesión artística en la que hay que trabajar con creatividad e imaginación. La autora, gran experta, vuelca en esta obra toda su experiencia didáctica que aplica en su profesión y trasmite a sus alumnos: características de los distintos tipos de manto canino, técnicas de acicalamiento más habituales, estrategias a seguir con cada raza. También da respuesta a las preguntas que los aficionados se plantean con más frecuencia y aporta información detallada sobre las principales razas que requieren un arreglo especial de manto. En definitiva, una obra que servirá de guía y apoyo a los nuevos peluqueros y a todos aquellos que deseen iniciarse en la peluquería canina. |
| 650 ## - PUNTO DE ACCESO ADICIONAL DE MATERIA--TÉRMINO DE MATERIA |
| Término de materia o nombre geográfico como elemento de entrada |
Peluquería canina |
| 650 ## - PUNTO DE ACCESO ADICIONAL DE MATERIA--TÉRMINO DE MATERIA |
| Término de materia o nombre geográfico como elemento de entrada |
Agropecuarios y Zootecnia |
| 650 ## - PUNTO DE ACCESO ADICIONAL DE MATERIA--TÉRMINO DE MATERIA |
| Término de materia o nombre geográfico como elemento de entrada |
Animales de compañia |
| 942 ## - ELEMENTOS DE PUNTO DE ACCESO ADICIONAL (KOHA) |
| Fuente del sistema de clasificación o colocación |
|
| Tipo de ítem Koha |
Libro |